| 000 | 00613nam a2200229Ia 4500 | ||
|---|---|---|---|
| 003 | OSt | ||
| 005 | 20221007070906.0 | ||
| 006 | a|||||r|||| 00| 0 | ||
| 007 | ta | ||
| 008 | 221006b |||||||| |||| 00| 0 eng d | ||
| 024 | _a24,274 | ||
| 037 | _cTextual | ||
| 040 |
_aFLL _cFLL _beng |
||
| 041 |
_2eng _aeng |
||
| 082 | _aZ2:35, H1 | ||
| 100 | _aAggarwala Om Prakash | ||
| 245 | 0 | _aIndian sale of goods act, 1930 | |
| 260 |
_aKachery _bRoad Lahore Law Depot Lahore _c1941 |
||
| 300 |
_axxv,1-731p _ccm. |
||
| 942 |
_hZ2:35, H1 _cTEXL _2CC |
||
| 999 |
_c1141827 _d1141827 |
||